000 00420 a2200157 4500
010 _aENG-140960
020 _a9788188352555
_c250.00
035 _aEN-124492
037 _bDBAD
082 1 4 _a133.5
100 _aSwami Shyam
_969123
245 1 _aYog Lektionen/
_cBy Swami Shyam
260 _bInternationales Meditationsinstitute
300 _a129p.
_c20cm(Hb)
942 _adpl
_cEN
_2ddc
_h133.5
_mSHY
999 _c204659
_d204659